Fenerbahçe SK Squad 2022-2023 - Statistics

General Stats
  • This quiz has been taken 346 times
  • The average score is 23 of 33
Answer Stats
# Position Nation Player % Correct
1 GK Turkey Altay Bayındır
95%
13 FW Ecuador Enner Valencia
93%
10 MF Turkey Arda Güler
90%
7 DF Turkey Ferdi Kadıoğlu
90%
41 DF Hungary Attila Szalai
84%
9 FW Uruguay Diego Rossi
84%
4 DF Turkey Serdar Aziz
83%
23 FW Belgium Michy Batshuayi
82%
26 MF Slovenia Miha Zajc
81%
- Coach Portugal Jorge Jesus
80%
70 GK Turkey İrfan Can Eğribayat
79%
21 DF Nigeria Bright Osayi-Samuel
78%
3 DF Turkey Samet Akaydin
78%
6 DF North Macedonia Ezgjan Alioski
77%
17 FW Turkey İrfan Kahveci
77%
15 FW Norway Joshua King
77%
8 MF Turkey Mert Hakan Yandaş
77%
27 MF Portugal Miguel Crespo
76%
5 MF Brazil Willian Arão
76%
20 FW Italy João Pedro
73%
99 FW Turkey Emre Mor
72%
28 DF Brazil Luan Peres
71%
2 DF Brazil Gustavo Henrique
70%
80 MF Turkey İsmail Yüksek
69%
19 FW Turkey Serdar Dursun
69%
24 DF Netherlands Jayden Oosterwolde
62%
18 DF Brazil Lincoln
60%
22 FW Portugal Bruma
52%
54 GK Turkey Ertuğrul Çetin
42%
29 DF Uruguay Mauricio Lemos
42%
30 DF Turkey Nazim Sangaré
31%
33 DF Turkey Çağtay Kurukalıp
11%
16 MF Turkey İsak Vural
10%
No matching quizzes found
Score Distribution
Percent of People with Each Score
Percentile by Number Answered
Your Score History
You have not taken this quiz